[Event "18sen.Bay.EM2006 Schney op"]
[Site "Schloss Schney (25.6.-3.7)"]
[Date "2006.06.28"]
[Round "4.30"]
[White "Alefs, Heinz"]
[Black "Neumeister, Herbert Dr"]
[Result "0-1"]
[WhiteElo "1643"]
[BlackElo "1753"]
[PlyCount "84"]
[EventDate "2006.07.??"]
[Source "Ganslmayer"]
[SourceDate "2012.12.20"]

1. d4 Nf6 2. Nf3 g6 3. e3 Bg7 4. Bd3 O-O 5. O-O d6 6. Nbd2 Nbd7 7. e4 e5 8. c3
c6 9. Re1 Qc7 10. Nf1 Re8 11. Bg5 Nf8 12. h3 Ne6 13. Qd2 Nxg5 14. Qxg5 Nh5 15.
Bc4 Nf4 16. dxe5 dxe5 17. Qh4 h6 18. g4 b5 19. Bb3 c5 20. c4 a6 21. Ne3 Bb7 22.
Nd5 Nxd5 23. cxd5 c4 24. Bc2 Rad8 25. Qg3 Qd6 26. Nh4 Bc8 27. Qe3 Qf6 28. Ng2
Bf8 29. Rad1 Qd6 30. Re2 Qc5 31. Qd2 Rd6 32. Kh2 Rf6 33. Kg3 Kh7 34. h4 Rd6 35.
Rh1 Qa7 36. h5 Qd7 37. f3 Rf6 38. Rf2 Bc5 39. Rff1 Rxf3+ 40. Kh2 Rh3+ 41. Kxh3
Qxg4+ 42. Kh2 Qh3# 0-1

[Event "18sen.Bay.EM2006 Schney op"]
[Site "Schloss Schney (25.6.-3.7)"]
[Date "2006.06.28"]
[Round "4.31"]
[White "Reichenbacher, Gerhard"]
[Black "Schuster, Herbert"]
[Result "1/2-1/2"]
[WhiteElo "1716"]
[BlackElo "1608"]
[PlyCount "107"]
[EventDate "2006.07.??"]
[Source "Ganslmayer"]
[SourceDate "2012.12.20"]

1. Nf3 Nf6 2. c4 d6 3. Nc3 c6 4. d4 h6 5. e4 Bg4 6. Be2 e6 7. O-O Be7 8. Be3
Nbd7 9. Qc2 Bh5 10. Rfe1 Bg6 11. Bd3 e5 12. Nh4 O-O 13. Nxg6 fxg6 14. Be2 g5
15. Rad1 Qe8 16. d5 c5 17. Nb5 Qd8 18. h3 a6 19. Nc3 Qe8 20. Bc1 Qg6 21. Qd3
Rf7 22. Qg3 Nh5 23. Bxh5 Qxh5 24. Qg4 Qxg4 25. hxg4 Raf8 26. f3 Bd8 27. Ne2 Ba5
28. Rf1 b5 29. cxb5 axb5 30. Bd2 Bb6 31. Kh2 Ra8 32. a3 Ba5 33. Nc3 Bxc3 34.
Bxc3 Ra4 35. Ra1 Rf8 36. b3 Ra6 37. a4 b4 38. Bd2 Rc8 39. Rac1 Rca8 40. Rc2 Nf6
41. Rfc1 Kh7 42. Kg1 Kg6 43. Kf2 h5 44. gxh5+ Nxh5 45. g3 Nf6 46. g4 Rh8 47.
Kg2 Raa8 48. Rh1 Rxh1 49. Kxh1 Nd7 50. Be3 Rh8+ 51. Kg2 Kf6 52. Ra2 Ra8 53. Ra1
Rh8 54. Rc1 1/2-1/2

[Event "18sen.Bay.EM2006 Schney op"]
[Site "Schloss Schney (25.6.-3.7)"]
[Date "2006.06.28"]
[Round "4.32"]
[White "Zellner, Erwin"]
[Black "Schnurr, Anton"]
[Result "0-1"]
[WhiteElo "1613"]
[BlackElo "1697"]
[PlyCount "124"]
[EventDate "2006.07.??"]
[Source "Ganslmayer"]
[SourceDate "2012.12.20"]

1. d4 Nf6 2. Nf3 e6 3. e3 d5 4. c4 c6 5. Nc3 Bb4 6. Bd2 Nbd7 7. cxd5 exd5 8.
Be2 O-O 9. O-O Bd6 10. Bd3 Re8 11. Qc2 Nf8 12. e4 dxe4 13. Nxe4 Nxe4 14. Bxe4
g6 15. g3 f5 16. Bd3 Be6 17. Ng5 Bd5 18. Bc4 Be7 19. Bxd5+ Qxd5 20. Rad1 Bf6
21. Nh3 Ne6 22. Bc3 Rad8 23. Qb3 Qxb3 24. axb3 Kf7 25. Rfe1 g5 26. Kg2 g4 27.
Ng1 Bxd4 28. Rxe6 Rxe6 29. Rxd4 Rxd4 30. Bxd4 Re4 31. Bc3 c5 32. f3 Re6 33. f4
Rb6 34. Ne2 Rxb3 35. Kf2 Ke6 36. Nc1 Rb6 37. Nd3 Kd5 38. Ke3 Re6+ 39. Ne5 Rh6
40. Nf7 Rxh2 41. Be5 Rg2 42. Nd6 Rxg3+ 43. Kf2 Rf3+ 44. Kg2 Ke6 45. Nxb7 h5 46.
Nxc5+ Kd5 47. Nd7 h4 48. Nf6+ Ke6 49. Nh7 h3+ 50. Kh2 Rf2+ 51. Kh1 Kf7 52. Ng5+
Kg6 53. b4 Re2 54. Bd6 Kh5 55. Bc5 a6 56. b5 axb5 57. Kg1 Rc2 58. Bb4 Rc4 59.
Bd2 b4 60. Nxh3 gxh3 61. Kh2 Rc2 62. Kxh3 Rxd2 0-1

[Event "18sen.Bay.EM2006 Schney op"]
[Site "Schloss Schney (25.6.-3.7)"]
[Date "2006.06.28"]
[Round "4.33"]
[White "Lueders, Guenther Dr"]
[Black "Philipp, Gerhard"]
[Result "1/2-1/2"]
[WhiteElo "1696"]
[BlackElo "1593"]
[PlyCount "54"]
[EventDate "2006.07.??"]
[Source "Ganslmayer"]
[SourceDate "2012.12.20"]

1. d4 Nf6 2. Nf3 g6 3. Bf4 Bg7 4. h3 O-O 5. e3 d5 6. Nbd2 c5 7. c3 c4 8. Be2
Nc6 9. O-O Bd7 10. Ne5 b5 11. Bf3 Rc8 12. e4 dxe4 13. Nxe4 Nxe4 14. Bxe4 Nxe5
15. dxe5 Bc6 16. Bxc6 Rxc6 17. Qf3 Rc5 18. Rfd1 Qc8 19. Qe3 e6 20. Rd6 a6 21.
Rad1 Rc6 22. Bg5 Rxd6 23. Rxd6 h5 24. f4 Kh7 25. Qb6 Re8 26. Qa7 Kg8 27. Rxa6
Bf8 1/2-1/2

[Event "18sen.Bay.EM2006 Schney op"]
[Site "Schloss Schney (25.6.-3.7)"]
[Date "2006.06.28"]
[Round "4.34"]
[White "Van Bellen, Henk Dr"]
[Black "Fiedler, Werner(23)"]
[Result "1-0"]
[WhiteElo "1731"]
[BlackElo "1629"]
[PlyCount "67"]
[EventDate "2006.07.??"]
[Source "Ganslmayer"]
[SourceDate "2012.12.20"]

1. Nc3 Nf6 2. e4 e5 3. f4 d6 4. d4 exd4 5. Qxd4 Nc6 6. Bb5 Bd7 7. Bxc6 Bxc6 8.
Nf3 Be7 9. O-O O-O 10. Bd2 Ng4 11. h3 Nf6 12. Rae1 Nd7 13. Nd5 Bxd5 14. exd5
Bf6 15. Qb4 b6 16. c4 Nc5 17. Re3 h6 18. Bc3 Nd7 19. Rfe1 a5 20. Qa3 Rc8 21.
Bxf6 Nxf6 22. Nd4 Nh5 23. Re7 c6 24. Nxc6 Rxc6 25. dxc6 Nxf4 26. Qg3 Ne6 27.
Rd7 Qf6 28. Qxd6 Qxb2 29. c7 Qc3 30. Rxe6 fxe6 31. Rd8 Qf6 32. Rxf8+ Qxf8 33.
Qxf8+ Kxf8 34. c8=Q+ 1-0

[Event "18sen.Bay.EM2006 Schney op"]
[Site "Schloss Schney (25.6.-3.7)"]
[Date "2006.06.28"]
[Round "4.35"]
[White "Kunert, Helmut"]
[Black "Paulsen, Eckart"]
[Result "1-0"]
[WhiteElo "1480"]
[BlackElo "1646"]
[PlyCount "83"]
[EventDate "2006.07.??"]
[Source "Ganslmayer"]
[SourceDate "2012.12.20"]

1. e4 b6 2. Nc3 Bb7 3. d4 e6 4. Nf3 Bb4 5. Bd3 Bxc3+ 6. bxc3 Nf6 7. e5 Nd5 8.
Bd2 Na6 9. a3 Ne7 10. O-O c5 11. Ng5 h6 12. Ne4 Bxe4 13. Bxe4 Rc8 14. Bb7 Nc7
15. Bxc8 Qxc8 16. Qg4 Nf5 17. a4 c4 18. Rfb1 Qb7 19. Qe2 Nh4 20. f3 O-O 21.
Qxc4 Rc8 22. d5 Nf5 23. d6 Nd5 24. Qb3 Qc6 25. Qb5 Nxc3 26. Qxc6 Rxc6 27. Bxc3
Rxc3 28. a5 Rc5 29. axb6 axb6 30. Rxb6 Rxe5 31. Ra8+ Kh7 32. Rd8 Rd5 33. Rxd7
Rd1+ 34. Kf2 Rd2+ 35. Ke1 Rxg2 36. Rxf7 Rg1+ 37. Kf2 Rd1 38. d7 Kg8 39. Rb7 Rd5
40. c4 Rd2+ 41. Ke1 Rd5 42. cxd5 1-0

[Event "18sen.Bay.EM2006 Schney op"]
[Site "Schloss Schney (25.6.-3.7)"]
[Date "2006.06.28"]
[Round "4.36"]
[White "Baessler, Arwed"]
[Black "Karner, Irmgard"]
[Result "1/2-1/2"]
[WhiteElo "1751"]
[BlackElo "1575"]
[PlyCount "90"]
[EventDate "2006.07.??"]
[Source "Ganslmayer"]
[SourceDate "2012.12.20"]

1. e4 d6 2. d4 Nf6 3. Bd3 g6 4. Nf3 Bg7 5. c3 c6 6. Bf4 Bg4 7. Nbd2 Nh5 8. Be3
Nf6 9. Qb3 Qb6 10. h3 Qxb3 11. axb3 Bxf3 12. Nxf3 a6 13. b4 Nbd7 14. Bf4 O-O
15. O-O Rfc8 16. Rfe1 Ne8 17. e5 dxe5 18. Nxe5 Nxe5 19. Bxe5 Bxe5 20. Rxe5 e6
21. Rae1 Rd8 22. h4 Kg7 23. h5 Rd5 24. hxg6 hxg6 25. f3 Nc7 26. Bc4 Rdd8 27. g4
Kf6 28. Kg2 g5 29. Kf2 Rh8 30. Kg2 Nb5 31. Ra1 Rad8 32. Bb3 Ra8 33. Ree1 Nc7
34. c4 b5 35. c5 Ke7 36. Red1 Rhd8 37. Kf2 f6 38. Ke3 Rh8 39. Ba2 Rh2 40. Rd2
Rah8 41. Kd3 R2h3 42. Rf2 f5 43. gxf5 exf5 44. Kc2 Kf6 45. Kd2 R8h7 1/2-1/2

[Event "18sen.Bay.EM2006 Schney op"]
[Site "Schloss Schney (25.6.-3.7)"]
[Date "2006.06.28"]
[Round "4.37"]
[White "Wilfert, Eva-Maria"]
[Black "Scheuerlein, Gerhard"]
[Result "0-1"]
[WhiteElo "1543"]
[BlackElo "1684"]
[PlyCount "120"]
[EventDate "2006.07.??"]
[Source "Ganslmayer"]
[SourceDate "2012.12.20"]

1. d4 f5 2. Nc3 Nf6 3. Bf4 e6 4. a3 d5 5. Nf3 c6 6. Ne5 Nbd7 7. Nxd7 Bxd7 8. e3
Be7 9. Be2 O-O 10. O-O Be8 11. Rb1 Nd7 12. Na4 b5 13. Nc3 Bf6 14. Na2 a5 15. c3
Qe7 16. h3 e5 17. dxe5 Bxe5 18. Bxe5 Nxe5 19. Qd4 Qd6 20. Rbd1 Qf6 21. Nc1 g5
22. f4 gxf4 23. exf4 Nd7 24. Qf2 Qd6 25. Nb3 Nf6 26. Qc5 Qxc5+ 27. Nxc5 Ne4 28.
Ne6 Rf7 29. Nd4 Rf6 30. Bf3 h5 31. h4 Ra7 32. Kh2 Rg7 33. Rde1 Kf8 34. Rd1 Rd7
35. Be2 Rg7 36. Bf3 Re7 37. Kh3 a4 38. Kh2 Nd6 39. Rde1 Nc4 40. Rxe7 Kxe7 41.
Re1+ Kd7 42. Re2 Bf7 43. Kg1 Nd6 44. Re1 Ne4 45. Kh2 Nd2 46. Be2 Nc4 47. Rb1
Kc7 48. Bf3 Nd2 49. Re1 Kb6 50. Bd1 c5 51. Nf3 Nxf3+ 52. Bxf3 Rd6 53. Re5 Be6
54. Bxh5 c4 55. Bg6 d4 56. cxd4 b4 57. axb4 a3 58. bxa3 c3 59. Rc5 Rc6 60. Re5
c2 0-1

[Event "18sen.Bay.EM2006 Schney op"]
[Site "Schloss Schney (25.6.-3.7)"]
[Date "2006.06.28"]
[Round "4.38"]
[White "Kurz, Leonhard"]
[Black "Conitz, Helmut"]
[Result "1-0"]
[WhiteElo "1634"]
[BlackElo "1440"]
[PlyCount "79"]
[EventDate "2006.07.??"]
[Source "Ganslmayer"]
[SourceDate "2012.12.20"]

1. e4 e5 2. Nc3 Nf6 3. f4 d5 4. fxe5 Nxe4 5. Nf3 Bg4 6. Qe2 Nxc3 7. dxc3 c6 8.
Bf4 Be7 9. Qf2 O-O 10. O-O-O Bxf3 11. Qxf3 Bg5 12. Bd3 g6 13. h4 Bxf4+ 14. Qxf4
Nd7 15. h5 Qe7 16. Qh6 Nxe5 17. hxg6 Nxd3+ 18. cxd3 fxg6 19. Rde1 Qg7 20. Qxg7+
Kxg7 21. Re7+ Rf7 22. Rxf7+ Kxf7 23. Rxh7+ Kf6 24. Rxb7 Ke6 25. Rc7 Kf5 26.
Rxc6 g5 27. Rd6 Ke5 28. Rd7 Rf8 29. Rxa7 Rf1+ 30. Kc2 Rf2+ 31. Kb3 Rxg2 32. Rg7
g4 33. a4 Kf6 34. Rg8 g3 35. Ka3 Kf5 36. a5 Kf4 37. a6 Rg1 38. Ka2 Kf3 39. a7
Rh1 40. a8=Q 1-0

[Event "18sen.Bay.EM2006 Schney op"]
[Site "Schloss Schney (25.6.-3.7)"]
[Date "2006.06.28"]
[Round "4.39"]
[White "Klose, Hans-Peter"]
[Black "Klinger, Rudolf++"]
[Result "1/2-1/2"]
[WhiteElo "1472"]
[BlackElo "2114"]
[PlyCount "46"]
[EventDate "2006.07.??"]
[Source "Ganslmayer"]
[SourceDate "2012.12.20"]

1. d4 Nf6 2. Nf3 e6 3. Bf4 d5 4. e3 c5 5. c3 c4 6. Be2 Nh5 7. Bg5 f6 8. Bh4 g6
9. Nfd2 Ng7 10. O-O Nc6 11. e4 Be7 12. b3 h5 13. bxc4 g5 14. cxd5 exd5 15. exd5
Qxd5 16. Bc4 Qd8 17. d5 Ne5 18. Bg3 Nxc4 19. Qa4+ Bd7 20. Qxc4 Rc8 21. Qe2 h4
22. Bd6 Nf5 23. Bxe7 Qxe7 1/2-1/2

[Event "18sen.Bay.EM2006 Schney op"]
[Site "Schloss Schney (25.6.-3.7)"]
[Date "2006.06.28"]
[Round "4.40"]
[White "Weczerek, Franz"]
[Black "Melzig, Ernst"]
[Result "1-0"]
[WhiteElo "1706"]
[BlackElo "1362"]
[PlyCount "83"]
[EventDate "2006.07.??"]
[Source "Ganslmayer"]
[SourceDate "2012.12.20"]

1. d4 d5 2. e3 Nc6 3. c4 e6 4. Nc3 Bb4 5. Bd2 Nf6 6. Qc2 Bxc3 7. Bxc3 Ne4 8.
Nf3 Nxc3 9. Qxc3 O-O 10. Bd3 dxc4 11. Qxc4 Qd5 12. Qc2 Qa5+ 13. Nd2 g6 14. O-O
Nb4 15. Qc3 Nc6 16. Qxa5 Nxa5 17. Rac1 Nc6 18. Be4 Bd7 19. Nb3 f5 20. Bf3 Rfd8
21. Nc5 Rab8 22. b3 Kf7 23. Nxd7 Rxd7 24. Bxc6 bxc6 25. Rxc6 Rb6 26. Rfc1 Rb7
27. R1c5 Ke7 28. Kf1 Kf7 29. Ke2 Re7 30. Ra6 Re8 31. f3 Ke7 32. Rca5 Ra8 33.
Rc6 Rd8 34. Rac5 Rd7 35. Kd3 g5 36. e4 fxe4+ 37. fxe4 h6 38. d5 exd5 39. exd5
Rd6 40. Rxc7+ Rxc7 41. Rxc7+ Kf6 42. Rc6 1-0

[Event "18sen.Bay.EM2006 Schney op"]
[Site "Schloss Schney (25.6.-3.7)"]
[Date "2006.06.28"]
[Round "4.41"]
[White "Brockhaus, Werner"]
[Black "Von Berg, Hans-Dieter"]
[Result "1/2-1/2"]
[WhiteElo "1510"]
[BlackElo "1491"]
[PlyCount "21"]
[EventDate "2006.07.??"]
[Source "Ganslmayer"]
[SourceDate "2012.12.20"]

1. d4 d5 2. e3 e6 3. Bd3 Nf6 4. Nf3 Be7 5. O-O O-O 6. b3 c5 7. c3 Nc6 8. Bb2 b6
9. Nbd2 Bb7 10. Qe2 cxd4 11. exd4 1/2-1/2

[Event "18sen.Bay.EM2006 Schney op"]
[Site "Schloss Schney (25.6.-3.7)"]
[Date "2006.06.28"]
[Round "4.43"]
[White "Grueneschild, Hildegard"]
[Black "Salomon, Heide++"]
[Result "1-0"]
[WhiteElo "1440"]
[BlackElo "1522"]
[PlyCount "161"]
[EventDate "2006.07.??"]
[Source "Ganslmayer"]
[SourceDate "2012.12.20"]

1. c4 e5 2. Nc3 Bc5 3. e3 c6 4. Nf3 d6 5. d4 exd4 6. exd4 Qe7+ 7. Be2 Bb4 8.
O-O Bxc3 9. bxc3 Nf6 10. Re1 O-O 11. Bd3 Qc7 12. Bf4 Be6 13. c5 Qd7 14. Bxd6
Rd8 15. Ne5 Qc8 16. Be7 Nbd7 17. Nxd7 Qxd7 18. Bxf6 gxf6 19. Qh5 f5 20. Qg5+
Kh8 21. Qf6+ Kg8 22. Re3 f4 23. Qxf4 f5 24. Rg3+ Kf7 25. Qh6 Rg8 26. Qxh7+ Kf6
27. Qh6+ Kf7 28. Qh5+ Kf6 29. Qh4+ Kf7 30. Rxg8 Rxg8 31. Qh5+ Kf8 32. Qh6+ Kf7
33. Be2 Rg7 34. Bh5+ Kg8 35. Bf3 Bd5 36. Bxd5+ Qxd5 37. g3 Qe4 38. Qe3 Qg4 39.
Re1 f4 40. Qe8+ Kh7 41. Qe4+ Kh6 42. Qe6+ Qxe6 43. Rxe6+ Kh7 44. Re4 fxg3 45.
hxg3 Kh6 46. Kg2 Kg5 47. a4 a6 48. f3 Kf5 49. Rf4+ Ke6 50. Re4+ Kd5 51. Kf2 Kc4
52. Re3 Kb3 53. a5 Ka4 54. f4 Kxa5 55. f5 Kb5 56. f6 Rf7 57. Rf3 a5 58. Ke3 Kc4
59. Kd2 Kb3 60. g4 a4 61. g5 Rh7 62. f7 Rh2+ 63. Kd3 a3 64. f8=Q a2 65. Qf7+
Ka3 66. Qxb7 a1=Q 67. Qa6+ Kb2 68. Qxa1+ Kxa1 69. Rg3 Rh1 70. g6 Rh8 71. Kc4
Kb2 72. g7 Rg8 73. d5 cxd5+ 74. Kxd5 Kb3 75. Ke6 Kc4 76. c6 Kc5 77. Kd7 Kb6 78.
c7 Kb7 79. c4 Kb6 80. c8=Q Rxg7+ 81. Rxg7 1-0

[Event "18sen.Bay.EM2006 Schney op"]
[Site "Schloss Schney (25.6.-3.7)"]
[Date "2006.06.28"]
[Round "4.44"]
[White "Erdmann, Wolfgang"]
[Black "Jurgan, Brigitte"]
[Result "1-0"]
[WhiteElo "1505"]
[BlackElo "1163"]
[PlyCount "79"]
[EventDate "2006.07.??"]
[Source "Ganslmayer"]
[SourceDate "2012.12.20"]

1. d4 Nf6 2. c4 c6 3. Nc3 d5 4. e3 g6 5. Nf3 Bg4 6. Be2 Bxf3 7. gxf3 Bg7 8. c5
b6 9. b4 b5 10. a4 O-O 11. axb5 cxb5 12. Nxb5 a6 13. Nc3 e6 14. b5 a5 15. Na4
Nbd7 16. Bd2 Re8 17. b6 Nb8 18. Bb5 Re7 19. Bc3 e5 20. c6 Qd6 21. dxe5 Rxe5 22.
Bxe5 Qxe5 23. Qd4 Qd6 24. Qc5 Qxc5 25. Nxc5 Ne8 26. Rd1 Bc3+ 27. Ke2 Bb4 28.
Nd7 Nd6 29. b7 Ra7 30. Ba4 Rxb7 31. cxb7 Nxb7 32. Nxb8 Nd6 33. Rxd5 Nc4 34. Bb3
Nd6 35. Rhd1 Nf5 36. Rd7 Nd6 37. Nc6 Nf5 38. Nxb4 axb4 39. Rxf7 Nh6 40. Rb7+
1-0

[Event "18sen.Bay.EM2006 Schney op"]
[Site "Schloss Schney (25.6.-3.7)"]
[Date "2006.06.28"]
[Round "4.45"]
[White "Jakubowski, Karl++"]
[Black "Breitfuss, Joachim++"]
[Result "1-0"]
[WhiteElo "1373"]
[BlackElo "1385"]
[PlyCount "51"]
[EventDate "2006.07.??"]
[Source "Ganslmayer"]
[SourceDate "2012.12.20"]

1. c4 Nf6 2. d4 e6 3. Nc3 Bb4 4. Bd2 Nc6 5. Nf3 b6 6. g3 Bb7 7. Bg2 d5 8. cxd5
Nxd5 9. Nxd5 Bxd2+ 10. Qxd2 Qxd5 11. O-O O-O-O 12. e3 Ne7 13. b3 g5 14. Qe2 g4
15. Nh4 Qh5 16. Bxb7+ Kxb7 17. f3 f5 18. fxg4 fxg4 19. Rf4 Rhg8 20. Raf1 Nd5
21. Rf7 Kc8 22. Ng2 Rg5 23. e4 Nb4 24. Qc4 c5 25. Qxe6+ Kb8 26. Qe7 1-0

[Event "18sen.Bay.EM2006 Schney op"]
[Site "Schloss Schney (25.6.-3.7)"]
[Date "2006.06.28"]
[Round "4.46"]
[White "Rudolph, Rainer"]
[Black "Ludwig, Karl-Heinz ProfDr"]
[Result "1-0"]
[WhiteElo "1345"]
[BlackElo "1157"]
[PlyCount "89"]
[EventDate "2006.07.??"]
[Source "Ganslmayer"]
[SourceDate "2012.12.20"]

1. e4 e5 2. Nf3 d6 3. d4 f6 4. dxe5 fxe5 5. Bc4 Nf6 6. Ng5 h6 7. Nf7 Qe7 8.
Nxh8 Nxe4 9. Qf3 Nf6 10. Ng6 Bg4 11. Qxb7 Nbd7 12. Qxa8+ Qd8 13. Qxd8+ Kxd8 14.
Nxf8 Nxf8 15. f3 Bf5 16. c3 N8d7 17. Be3 a5 18. a4 d5 19. Bb5 e4 20. Bxd7 Nxd7
21. Nd2 Ne5 22. O-O exf3 23. Nxf3 Nd3 24. Rad1 c6 25. Rd2 g5 26. Nxg5 hxg5 27.
Rxf5 Nc1 28. Bb6+ Kd7 29. Rxg5 Nb3 30. Rf2 Ke6 31. Rg6+ Ke5 32. Rxc6 Ke4 33.
Re6+ Kd3 34. Rfe2 Nc1 35. R2e3+ Kc4 36. Bxa5 Kb3 37. h4 Ka2 38. h5 Nb3 39. Bb4
d4 40. cxd4 Nxd4 41. Rf6 Nc2 42. Re4 Kb3 43. h6 Nxb4 44. Rxb4+ Kxb4 45. h7 1-0

[Event "18sen.Bay.EM2006 Schney op"]
[Site "Schloss Schney (25.6.-3.7)"]
[Date "2006.06.28"]
[Round "4.47"]
[White "Eckstein, Luise"]
[Black "Froeling, Philippa"]
[Result "0-1"]
[WhiteElo "1092"]
[BlackElo "1227"]
[PlyCount "55"]
[EventDate "2006.07.??"]
[Source "Ganslmayer"]
[SourceDate "2012.12.20"]

1. e4 e5 2. Nf3 d6 3. Bc4 Be7 4. Nc3 Nf6 5. d4 exd4 6. Nxd4 O-O 7. f3 c6 8. Be3
b5 9. Bb3 Bb7 10. Qd2 a6 11. O-O c5 12. Nf5 c4 13. Nxe7+ Qxe7 14. Nd5 Nxd5 15.
exd5 cxb3 16. axb3 Nd7 17. Rfe1 Qf6 18. Rab1 Qg6 19. c4 bxc4 20. bxc4 Ne5 21.
Qe2 a5 22. b3 Ba6 23. Rbc1 Nd3 24. Qc2 Nxe1 25. Qxg6 hxg6 26. Rxe1 Rfb8 27. Bd2
Rxb3 28. Bxa5 0-1

[Event "18sen.Bay.EM2006 Schney op"]
[Site "Schloss Schney (25.6.-3.7)"]
[Date "2006.06.29"]
[Round "5.9"]
[White "Muench, Klaus-Norbert Dr"]
[Black "Leuschner, Guenter"]
[Result "1-0"]
[WhiteElo "2023"]
[BlackElo "1830"]
[PlyCount "77"]
[EventDate "2006.07.??"]
[Source "Ganslmayer"]
[SourceDate "2012.12.20"]

1. d4 Nf6 2. c4 e6 3. Nc3 d5 4. Bg5 Be7 5. e3 b6 6. cxd5 Nxd5 7. Bxe7 Nxe7 8.
Bb5+ c6 9. Bd3 Ba6 10. Nf3 O-O 11. Bxa6 Nxa6 12. Qa4 Nc7 13. O-O Ncd5 14. Rac1
Nxc3 15. Rxc3 Qd6 16. Rfc1 Rfc8 17. a3 Rc7 18. Ne5 Rac8 19. Nd3 Kf8 20. b4 f6
21. Qd1 h6 22. Qg4 Kf7 23. Qh5+ Kf8 24. h4 Qd5 25. Qg4 Qf5 26. Qxf5 exf5 27.
Nf4 Kf7 28. d5 g5 29. d6 Rd7 30. dxe7 gxf4 31. Rxc6 Rxc6 32. Rxc6 fxe3 33. fxe3
Kxe7 34. Kf2 Kf7 35. h5 Ke7 36. Kf3 Rd6 37. Rxd6 Kxd6 38. Kf4 Ke6 39. b5 1-0

[Event "18sen.Bay.EM2006 Schney op"]
[Site "Schloss Schney (25.6.-3.7)"]
[Date "2006.06.29"]
[Round "5.16"]
[White "Muenzenberg, Dietrich"]
[Black "Ziegler, Werner(31)"]
[Result "0-1"]
[WhiteElo "1697"]
[BlackElo "1828"]
[PlyCount "120"]
[EventDate "2006.07.??"]
[Source "Ganslmayer"]
[SourceDate "2012.12.20"]

1. d4 Nf6 2. Bg5 Ne4 3. Bf4 d5 4. f3 Nf6 5. Nd2 c6 6. c4 Qb6 7. Be5 Nbd7 8.
cxd5 Nxe5 9. dxe5 Nxd5 10. Qb3 Ne3 11. Qxb6 axb6 12. Kf2 Nxf1 13. Kxf1 Be6 14.
b3 g6 15. f4 Bh6 16. e3 g5 17. g3 O-O-O 18. Ke1 Rd3 19. Ke2 Rhd8 20. Rd1 g4 21.
h3 gxh3 22. Ngf3 Bg4 23. Rh2 c5 24. Kf2 f6 25. exf6 exf6 26. Re1 Rxd2+ 27. Nxd2
Rxd2+ 28. Kg1 Rd7 29. e4 Bg7 30. Rc2 Kb8 31. Kh2 h6 32. Rf1 Re7 33. Re1 Ka7 34.
Rd2 b5 35. Rd5 b6 36. Re3 Kb7 37. Re1 b4 38. Re3 Kc7 39. Re1 Kc6 40. Rd8 Ra7
41. Rd2 Ra8 42. Re3 Bf8 43. Red3 Be7 44. f5 Ra7 45. Rd5 Bf3 46. Rf2 Bxe4 47.
Rdd2 b5 48. Kxh3 c4 49. bxc4 bxc4 50. Rf4 Bd3 51. Rd4 Bxf5+ 52. Kh4 Bd3 53. g4
f5+ 54. Kh5 fxg4 55. Kxg4 Bf6 56. R2xd3 cxd3 57. Rxb4 Rxa2 58. Rb1 Kd5 59. Kf3
Bd4 60. Rc1 Ra6 0-1

[Event "18sen.Bay.EM2006 Schney op"]
[Site "Schloss Schney (25.6.-3.7)"]
[Date "2006.06.29"]
[Round "5.33"]
[White "Antusch, Ingrid++"]
[Black "Baessler, Arwed"]
[Result "0-1"]
[WhiteElo "1446"]
[BlackElo "1751"]
[PlyCount "110"]
[EventDate "2006.07.??"]
[Source "Ganslmayer"]
[SourceDate "2012.12.20"]

1. f4 d5 2. Nf3 Nf6 3. e3 c5 4. c3 a6 5. d4 e6 6. Bd3 Nc6 7. Nbd2 Be7 8. O-O b6
9. Ne5 Bb7 10. Qf3 g6 11. a3 c4 12. Bc2 Nb8 13. Qh3 Qc7 14. Rb1 Nbd7 15. Qf3 b5
16. g4 O-O 17. g5 Ne8 18. Ng4 f5 19. Nh6+ Kg7 20. h4 Nd6 21. Qh3 Rh8 22. Nf3
Raf8 23. Bd2 Nf7 24. Nxf7 Kxf7 25. Ne5+ Nxe5 26. fxe5 h6 27. h5 hxg5 28. hxg6+
Kxg6 29. Qg3 Qd8 30. Kf2 Rh7 31. Ke2 Rfh8 32. Rbe1 Rh3 33. Qg1 Rh1 34. Qg3 R8h3
35. Qg4 R1h2+ 36. Kd1 Bc8 37. Qg1 Qh8 38. Rf2 Qh5+ 39. Kc1 Rh1 40. Qg2 R1h2 41.
Qf1 Rh1 42. Qe2 Qxe2 43. Rfxe2 g4 44. Rg2 Bg5 45. Rxg4 Rxe1+ 46. Bxe1 Kh5 47.
Rg1 Bxe3+ 48. Kb1 Bxg1 49. Bd2 Be3 50. Bd1+ Kg5 51. Bxe3+ Rxe3 52. Kc2 f4 53.
Kd2 Bd7 54. Be2 Be8 55. b3 Bh5 0-1

[Event "18sen.Bay.EM2006 Schney op"]
[Site "Schloss Schney (25.6.-3.7)"]
[Date "2006.06.29"]
[Round "5.45"]
[White "Melzig, Ernst"]
[Black "Mueller, Lothar(27)"]
[Result "0-1"]
[WhiteElo "1362"]
[BlackElo "1412"]
[PlyCount "50"]
[EventDate "2006.07.??"]
[Source "Ganslmayer"]
[SourceDate "2012.12.20"]

1. b4 e5 2. Bb2 Nc6 3. b5 Nd4 4. e3 Ne6 5. Bxe5 c5 6. c4 d6 7. Bb2 Be7 8. Nf3
Bf6 9. Nc3 Ne7 10. Qc2 b6 11. Nd5 Bxb2 12. Qxb2 Bb7 13. e4 Ng6 14. d4 O-O 15.
Bd3 Bxd5 16. cxd5 Nef4 17. Bf1 Re8 18. e5 dxe5 19. Nxe5 Qxd5 20. g3 Qxh1 21.
Qb3 Qe4+ 22. Qe3 Qxe3+ 23. fxe3 Nd5 24. Bg2 Nxe3 25. Kf2 Nxg2 0-1

[Event "18sen.Bay.EM2006 Schney op"]
[Site "Schloss Schney (25.6.-3.7)"]
[Date "2006.06.29"]
[Round "5.1"]
[White "Oechslein, Rainer"]
[Black "Hein, Manfred(36)"]
[Result "1/2-1/2"]
[WhiteElo "2176"]
[BlackElo "2021"]
[PlyCount "30"]
[EventDate "2006.07.??"]
[Source "Ganslmayer"]
[SourceDate "2012.12.20"]

1. e4 d5 2. exd5 Qxd5 3. Nc3 Qa5 4. Nf3 Nf6 5. Bc4 c6 6. Qe2 Bf5 7. O-O e6 8.
h3 Nbd7 9. d3 Bb4 10. Ne4 Bxe4 11. dxe4 Ne5 12. Bf4 Nxc4 13. Qxc4 O-O 14. a3
Be7 15. Rfe1 Qc5 1/2-1/2

[Event "18sen.Bay.EM2006 Schney op"]
[Site "Schloss Schney (25.6.-3.7)"]
[Date "2006.06.29"]
[Round "5.2"]
[White "Walkewitz, Hubert"]
[Black "Fischer, Gerd(41)"]
[Result "1-0"]
[WhiteElo "2182"]
[BlackElo "2092"]
[PlyCount "43"]
[EventDate "2006.07.??"]
[Source "Ganslmayer"]
[SourceDate "2012.12.20"]

1. d4 d5 2. Bf4 Nf6 3. Nf3 e6 4. e3 Nbd7 5. Bd3 c5 6. c3 Be7 7. Nbd2 O-O 8. Ne5
b6 9. Qf3 Bb7 10. Qh3 g6 11. Bh6 Re8 12. f4 Bf8 13. Bg5 Be7 14. O-O Ne4 15.
Nxf7 Qc7 16. Nxe4 dxe4 17. Bc4 Bd5 18. Bxd5 exd5 19. f5 Bxg5 20. fxg6 Bf6 21.
Qxh7+ Kf8 22. Nh6 1-0

[Event "18sen.Bay.EM2006 Schney op"]
[Site "Schloss Schney (25.6.-3.7)"]
[Date "2006.06.29"]
[Round "5.3"]
[White "Schmidt, Gerhard(40)"]
[Black "Goy, Udo"]
[Result "1/2-1/2"]
[WhiteElo "2139"]
[BlackElo "2107"]
[PlyCount "33"]
[EventDate "2006.07.??"]
[Source "Ganslmayer"]
[SourceDate "2012.12.20"]

1. d4 Nf6 2. Nf3 e6 3. c4 b6 4. e3 Bb7 5. Bd3 Be7 6. Nc3 d5 7. b3 Nbd7 8. O-O
O-O 9. Bb2 c5 10. Qe2 Ne4 11. Rfd1 cxd4 12. Nxd4 Nxc3 13. Bxc3 Nf6 14. Bb2 Rc8
15. Nf3 Bd6 16. Ne5 Qe7 17. Rac1 1/2-1/2

[Event "18sen.Bay.EM2006 Schney op"]
[Site "Schloss Schney (25.6.-3.7)"]
[Date "2006.06.29"]
[Round "5.4"]
[White "Geisensetter, Franz"]
[Black "Scheipl, Ralf"]
[Result "0-1"]
[WhiteElo "1992"]
[BlackElo "2184"]
[PlyCount "94"]
[EventDate "2006.07.??"]
[Source "Ganslmayer"]
[SourceDate "2012.12.20"]

1. e4 c5 2. Nf3 Nc6 3. Bb5 g6 4. c3 Nf6 5. e5 Nd5 6. d4 cxd4 7. Bxc6 dxc6 8.
Qxd4 Bg7 9. O-O Bf5 10. Bg5 Qb6 11. Qxb6 axb6 12. Nbd2 h6 13. Bh4 b5 14. Nb3
Nf4 15. Nbd4 Bd3 16. Rfe1 Bc4 17. b3 Bd5 18. Bg3 Nd3 19. Re3 Nc5 20. Nd2 O-O
21. f4 h5 22. f5 Bh6 23. Re2 gxf5 24. b4 Ne4 25. Nxe4 Bxe4 26. Bf2 Ra3 27. Nb3
Rfa8 28. Rb2 Bd5 29. Na5 Rxc3 30. Nxb7 Bg7 31. Re1 Rxa2 32. Rxa2 Bxa2 33. Bc5
e6 34. Re2 Bc4 35. Re1 Rc2 36. Ra1 Bxe5 37. Ra8+ Kg7 38. Nd8 Bf6 39. Nb7 Bd5
40. Nd6 Rxg2+ 41. Kf1 Rxh2 42. Ra7 h4 43. Rxf7+ Kg6 44. Rf8 h3 45. Ne8 Be5 46.
Rg8+ Kh7 47. Rg5 Rc2 0-1